000 00305nam a22001337a 4500
008 181017b xxu||||| |||| 00| 0 eng d
020 _a9780071766258
041 _aeng
080 _26th
_a610
100 _a4
101 _aSHM
245 _aPocket Guide to Diagnostic Tests
_cNicoll,D
942 _2udc
_cBK
999 _c49990
_d49990